000 00631nam0a22002411 4500
001 RU\NLR\INFOCOMM10\ROSSICA\1000003424
005 20250613190419.0
035 _a(NLR Aleph) 009910413
090 _a10614975
_c10614975
100 _a20030512d1801 |||y0rusy50 ca
101 0 _aeng
102 _aRU
105 _ay ||||000ay
200 1 _aLetters of Sulpieins on the Northern Confederoor
_f[Granville]
210 _aL.
_d1801
700 1 _aGranville
_bA.B.
_4070
801 1 _aRU
_bInfoComm
_c20030512
801 0 _aRU
_bNLR
_gPSBO
852 _aNLR
_j13.18.7.16
942 _cBOOK
980 _aNB
980 _aRossica